LEADER 01380nam a2200265 i 4500 001 000000048809 003 CaOOAMICUS 005 20120606000000.0 008 120606s1965 it u000 u ita u 013 $a19979 040 $aSeMil$bita 100 1 $aBaum, Gregory <1923-2017>.$0(OLS)http://semarc/name/90493 240 10$aContraception and Holiness.$0(OLS)http://semarc/title/73931 245 10$aControllo dele nascite e santitą della famiglia :$b[Dieci saggi di eminenti studiosi cattolici] /$cSaggi di Gregory Baum O.S.A. ... [et al.] ; Presentati da Thomas D. Roberts S. J ; Introduzione all'edizione italiana di Carlo Bo. 260 $aMilano :$bRizzoli,$ccopyr. 1965. 300 $aX, 307 p. ;$c19 cm. 500 $aContiene : Cenni biografici degli autori. 650 4$aPaternitą responsabile.$0(OLS)http://semarc/subject/10197 650 4$aContraccezione.$0(OLS)http://semarc/subject/10198 700 1 $aBo, Carlo,$d<1911-2001>.$0(OLS)http://semarc/name/7656 700 1 $aRoberts, Thomas D. .$0(OLS)http://semarc/name/24177 850 $aSeMil 852 $aSeMil$W1$xVenegono$y1$m2E I 185$j14964$B14964$CSeMilBibl$Z2$F14964 $81 996 $6245$aControllo dele nascite e santitą della famiglia :$b[Dieci saggi di eminenti studiosi cattolici]$9(OLS)http://semarc/title/73930 996 $6260$aMilano :$bRizzoli$9(OLS)http://semarc/publisher/29824 LEADER 00942nam a2200229 i 4500 001 000000205227 003 CaOOAMICUS 005 20110818000000.0 008 110818s1901 it u000 u ita u 013 $a183963 040 $aSeMil$bita 100 1 $aCaselli, Carlo.$0(OLS)http://semarc/name/73876 245 12$aL'affettivitą degli animali /$cCarlo Caselli. 260 $aMilano [etc.] :$bRemo Sandron,$c1901. 300 $a158 p. ;$c19 cm. 490 0 $aBiblioteca Sandron di scienze e lettere ;$v16 650 4$aAnimali - Comportamento.$0(OLS)http://semarc/subject/13665 830 0$aBiblioteca Sandron di scienze e lettere ;$v16.$0(OLS)http://semarc/title/18534 850 $aSeMil 852 $aSeMil$W1$xVenegono$y1$m3W III 304$j155721$B155721$CSeMilBibl$Z2$F167055 $81 996 $6245$aL'affettivitą degli animali$9(OLS)http://semarc/title/297081 996 $6260$aMilano [etc.] :$bRemo Sandron$9(OLS)http://semarc/publisher/33143